Beruang
| Format: | Book |
|---|---|
| Published: |
Kuala Lumpur :
Penerbitan Hasratpelajar ,
1994
|
| Series: | Buku awal binatang saya
|
| Subjects: |
MARC
| LEADER | 00000cam a2200000 7i4500 | ||
|---|---|---|---|
| 001 | 0000061517 | ||
| 005 | 20220105103829.0 | ||
| 008 | 160317 | ||
| 020 | |a 9789679749800 | ||
| 090 | 0 | 0 | |a NH |b MAL |
| 245 | 1 | 0 | |a Beruang |
| 260 | |a Kuala Lumpur : |b Penerbitan Hasratpelajar , |c 1994 | ||
| 300 | |a 21p. : |b Col.ill | ||
| 490 | 0 | |a Buku awal binatang saya | |
| 500 | |a Children age 4-6 years old (yellow) | ||
| 650 | 0 | |a Malay stories,Childrens | |
| 999 | |a 000422292 |b Book |c Children Collection |e Cawangan Muar | ||
| 999 | |a 000722292 |b Book |c Children Collection |e Cawangan Muar | ||